[Event "Remco Heite Inv"]
[Site "Wolvega NED"]
[Date "2006.11.24"]
[Round "1"]
[White "Van Wely,L"]
[Black "Hort,V"]
[Result "1-0"]
[WhiteElo "2676"]
[BlackElo "2501"]
[EventDate "2006.11.24"]

1. d4 d5 2. c4 c6 3. Nc3 Nf6 4. e3 g6 5. Nf3 Bg7 6. Bd3 O-O 7. O-O a6 8.
Qc2 Bg4 9. Ne5 Be6 10. b3 Nbd7 11. f4 Rc8 12. Nxd7 Nxd7 13. c5 Bf5 14. Bxf5
gxf5 15. Bd2 e6 16. Be1 Kh8 17. b4 Bf6 18. h3 Rg8 19. Kh2 Be7 20. Qe2 Qf8
21. a4 Ra8 22. Rb1 b6 23. Bd2 Qc8 24. Rfc1 Rg6 25. Nd1 b5 26. Ra1 Qb7 27.
Nc3 Rag8 28. Be1 Rxg2+ 29. Qxg2 Rxg2+ 30. Kxg2 bxa4 31. Rxa4 Bd8 32. Rca1
Nb8 33. R1a2 Kg7 34. Ne2 Kf8 35. Ng1 Ke8 36. Nf3 Qb5 37. R4a3 Bc7 38. Rc2
Kd7 39. Ng5 f6 40. Nf3 Kc8 41. Kg1 Bd8 42. Rg2 Qb7 43. Raa2 Qf7 44. Rg3 Be7
45. Rag2 Bf8 46. Kf2 Nd7 47. Bc3 Kd8 48. Ke1 Ke8 49. Kd2 Nb8 50. Ne1 Nd7
51. Nd3 Qh5 52. Nc1 Kf7 53. Nb3 Nb8 54. Na5 Ke8 55. Kc2 Kd7 56. Be1 Kc7 57.
Rg8 Qxh3 58. R2g3 Qh2+ 59. Kd1 Nd7 60. Rh8 Qh5+ 61. Kd2 e5 62. Bf2 e4 63.
Rgg8 Qh1 64. Rg1 Qh5 65. Ke1 Qf3 66. Rxh7 1-0

[Event "Remco Heite Inv"]
[Site "Wolvega NED"]
[Date "2006.11.25"]
[Round "2"]
[White "Hort,V"]
[Black "Timman,J"]
[Result "1-0"]
[WhiteElo "2501"]
[BlackElo "2565"]
[EventDate "2006.11.24"]

1. e4 c5 2. g3 e6 3. Bg2 d5 4. d3 Nc6 5. Nd2 Nge7 6. f4 g6 7. Ngf3 Bg7 8.
O-O O-O 9. Re1 dxe4 10. dxe4 e5 11. c3 exf4 12. gxf4 Bh6 13. Ng5 Ne5 14.
Nxh7 Kxh7 15. fxe5 Nc6 16. Nf3 Qe7 17. Bxh6 Kxh6 18. Qd2+ Kg7 19. Qf4 Rh8
20. Rad1 Be6 21. Rd5 Rh5 22. Qf6+ Qxf6 23. exf6+ Kxf6 24. e5+ Kg7 25. Rxc5
Rd8 26. b4 Bxa2 27. b5 Na5 28. Rc7 Be6 29. Nd4 Re8 30. Bf3 Rh4 31. Nxe6+
Rxe6 32. Bd5 Re8 33. Rxf7+ Kh6 34. e6 Rh5 35. c4 Rg5+ 36. Kf2 Rf5+ 37. Kg3
Nb3 38. Rxf5 gxf5 39. Kf4 Nc5 40. Kxf5 Rf8+ 41. Kg4 Rg8+ 42. Kf3 Re8 43.
Ra1 Kg6 44. Rxa7 Kf6 45. Ra2 Rh8 46. Rf2 Ke7 47. Kg2 Kd6 48. Rf3 Rh6 49.
Re3 Rh7 50. h3 b6 51. Kg3 Rg7+ 52. Kf4 Ke7 53. h4 Rg1 54. h5 Rf1+ 55. Kg5
Rg1+ 56. Kf5 Rf1+ 57. Kg6 Rg1+ 58. Kh7 Rg5 59. h6 Rg1 60. Rf3 Kd6 61. Rf7
1-0

[Event "Remco Heite Inv"]
[Site "Wolvega NED"]
[Date "2006.11.25"]
[Round "3"]
[White "Van Wely,L"]
[Black "Jussupow,Ar"]
[Result "1/2-1/2"]
[WhiteElo "2676"]
[BlackElo "2600"]
[EventDate "2006.11.24"]

1. d4 Nf6 2. c4 e6 3. Nf3 Be7 4. Bf4 d5 5. e3 O-O 6. Nc3 Nbd7 7. c5 c6 8.
b4 a5 9. a3 b6 10. h3 Ba6 11. Bxa6 Rxa6 12. b5 cxb5 13. c6 Qc8 14. c7 b4
15. Nb5 a4 16. Rc1 Ne4 17. Nd2 Nc3 18. Nxc3 bxc3 19. Rxc3 b5 20. Qe2 Qb7
21. O-O Rc8 22. Rb1 Rb6 23. Nf3 b4 24. axb4 Bxb4 25. Rc2 Bd6 26. Rxb6 Qxb6
27. Bxd6 Qxd6 28. Qb5 Rxc7 29. Qxa4 1/2-1/2

[Event "Remco Heite Inv"]
[Site "Wolvega NED"]
[Date "2006.11.25"]
[Round "3"]
[White "Werle,J"]
[Black "Hort,V"]
[Result "1/2-1/2"]
[WhiteElo "2551"]
[BlackElo "2501"]
[EventDate "2006.11.24"]

1. Nf3 c5 2. c4 Nf6 3. Nc3 e6 4. g3 b6 5. Bg2 Bb7 6. O-O Be7 7. b3 d5 8.
cxd5 Nxd5 9. Bb2 Bf6 10. Qc2 Nxc3 11. dxc3 Qc7 12. Nd2 Bxg2 13. Kxg2 Nc6
14. Ne4 Be7 15. c4 O-O 16. Qc3 f6 17. Qe3 Rad8 18. f4 Nd4 19. Rad1 f5 20.
Nd2 Qc6+ 21. Nf3 Bf6 22. Bxd4 Rxd4 23. Rxd4 Bxd4 24. Qd3 Rd8 25. Rd1 h6 26.
h4 Bf6 27. Qxd8+ Bxd8 28. Rxd8+ Kh7 29. Kf2 Qe4 30. Rd7 a6 31. Rd6 b5 32.
Ne5 Qh1 33. Rxe6 1/2-1/2

[Event "Remco Heite Inv"]
[Site "Wolvega NED"]
[Date "2006.11.26"]
[Round "4"]
[White "Van Wely,L"]
[Black "Timman,J"]
[Result "1-0"]
[WhiteElo "2676"]
[BlackElo "2565"]
[EventDate "2006.11.24"]

1. d4 d5 2. c4 c6 3. Nc3 Nf6 4. Nf3 dxc4 5. a4 Bf5 6. e3 e6 7. Bxc4 Bb4 8.
O-O Nbd7 9. Qe2 Bg6 10. e4 O-O 11. Bd3 Bh5 12. e5 Nd5 13. Nxd5 cxd5 14. Qe3
Bg6 15. Ng5 Re8 16. Bxg6 fxg6 17. a5 Nf8 18. a6 Qb6 19. Qd3 Rac8 20. h4 Rc4
21. axb7 Qxb7 22. Bd2 Be7 23. Nf3 Rb8 24. Ra2 Bd8 25. Rfa1 Qb5 26. Bc3 a5
27. g3 Nd7 28. Kg2 Qb7 29. Qd2 Qc8 30. Ne1 Bb6 31. Nc2 Qb7 32. Kg1 Rcc8 33.
Ne3 Rf8 34. Bxa5 Rf3 35. Bxb6 Nxb6 36. Ra7 Qc8 37. Rc1 Nc4 38. Qe2 Rxe3 39.
fxe3 Qe8 40. Rf1 h5 41. Qf3 Kh8 42. Qf7 Qxf7 43. Rfxf7 Nxe3 44. Rxg7 Nf5
45. Rgb7 Rc8 46. Rc7 Rb8 47. Rab7 Ra8 48. Kf2 1-0

[Event "Remco Heite Inv"]
[Site "Wolvega NED"]
[Date "2006.11.26"]
[Round "5"]
[White "Werle,J"]
[Black "Van Wely,L"]
[Result "0-1"]
[WhiteElo "2551"]
[BlackElo "2676"]
[EventDate "2006.11.24"]

1. Nf3 d5 2. d4 Nf6 3. c4 c6 4. Nc3 dxc4 5. a4 e6 6. e3 c5 7. Bxc4 Nc6 8.
O-O cxd4 9. exd4 Be7 10. Qe2 O-O 11. Rd1 Nb4 12. a5 Bd7 13. Bg5 Bc6 14. Ne5
Nfd5 15. Bxe7 Qxe7 16. Nxc6 bxc6 17. g3 Rfd8 18. Ne4 h6 19. Nc5 Rab8 20.
Ra3 Nf6 21. a6 Rb6 22. Na4 Rbb8 23. Nc5 Rb6 24. Rf3 Nbd5 25. b3 Nd7 26. Nb7
Re8 27. h4 Nc7 28. Ra1 Nb5 29. Qe4 Nd6 30. Nxd6 Qxd6 31. Ra5 Nf6 32. Qe5
Rd8 33. Rxf6 Qxe5 34. dxe5 gxf6 35. exf6 Kh7 36. h5 Rg8 37. Kg2 Rg5 38.
Rxg5 hxg5 39. Kf3 c5 40. Ke4 Rd6 41. f4 gxf4 42. gxf4 Rd1 43. f5 Re1+ 44.
Kf3 Re5 45. fxe6 fxe6 46. Bd3+ Kh6 47. Bg6 Re1 48. Kf4 Re2 49. Bd3 Rf2+ 50.
Ke5 Kg5 51. h6 Kxh6 52. Kxe6 Rf3 53. Be4 Re3 54. Kd5 Rxb3 55. Kd6 c4 56.
Ke7 Re3 0-1